01312nam a2200145 4500008004100000100002100041245008400062260000900146300001500155520087700170650002601047650002601073700002201099773004501121190507b ||||| |||| 00| 0 eng d aAmmons, David N. aCitizen-assisted performance measurement?: reassessing its viability and impact c2018 ap.716-729. aCitizen-assisted performance measurement (CAPM) was a hot topic just a decade or so ago, promoted by enthusiasts as a useful coupling of the performance measurement and citizen participation movements. The idea of engaging citizens in the design of local government performance measures retains some ongoing support today based mostly on normative assumptions and testimonials. A careful review of the premises of CAPM and empirical evidence from CAPM projects, however, reveals weaknesses in the premises and few surviving measures from CAPM projects. The authors’ findings support the view that citizen efforts would more beneficially be directed upstream of performance measurement, with citizens engaged as focus groups to offer views on their local government’s performance objectives and priorities rather than as designers of performance measures. - Reproduced. aPerformance appraisal aCitizen participation aMadej, Patrick M. aAmerican Review of Public Administration